000 00994nam a22002537a 4500
005 20100715114443.0
008 100715t xxu||||| |||| 00| 0 eng d
010 _aENG-96403
020 _c775.00
_a9780198063049
020 _c775.00
_a0198063040
035 _aEN-79936
037 _bDBAD / PUB
040 _aDpl
_bEng
082 _a330.015193
100 _aBasu, Kaushik
245 _aCollected papers in theoretical economics /
_cby Kaushik Basu
260 _aNew Delhi
_bOxford University Press
_c2010
270 _bNew Delhi
_e110 001
_aYMCA Library Building, Jai Singh Road
300 _av.4 (vi, 302p.)
_c24cm (Hb )
500 _aIncludes index
505 _aV.4- Inter-disciplinary transgressions :political economy, moral philosophy, and economic sociology
942 _adpl
_cEN
_2ddc
_h330.015193
_mBAS
999 _c36958
_d36958